Logo CIB grande

Chemical process safety: Fundamentals with applications (Registro nro. 237918)

Detalles MARC
000 -LEADER
campo de control de longitud fija 00661nam a22002417a 4500
003 - IDENTIFICADOR DE NÚMERO DE CONTROL
campo de control EC-GqESP
005 - FECHA Y HORA DE LA ÚLTIMA TRANSACCIÓN
campo de control 20250520140028.0
008 - DATOS DE LONGITUD FIJA--INFORMACIÓN GENERAL
campo de control de longitud fija 250520b |||||||| |||| 00| 0 eng d
020 ## - NÚMERO INTERNACIONAL ESTÁNDAR DEL LIBRO
Número Internacional Estándar del Libro 978-93-325-2405-7
041 ## - CÓDIGO DE IDIOMA
Código de lengua del texto/banda sonora o título independiente Ingles
043 ## - CÓDIGO DE ÁREA GEOGRÁFICA
Código de área geográfica EC
082 ## - NÚMERO DE LA CLASIFICACIÓN DECIMAL DEWEY
Número de clasificación 660
100 ## - ENTRADA PRINCIPAL--NOMBRE DE PERSONA
Nombre de persona Crowl, Daniel A.
245 ## - MENCIÓN DEL TÍTULO
Título Chemical process safety: Fundamentals with applications
Mención de responsabilidad, etc. Daniel A. Crowl; Joseph F. Louvar
250 ## - MENCION DE EDICION
Mención de edición Third edition
260 ## - PUBLICACIÓN, DISTRIBUCIÓN, ETC.
Lugar de publicación, distribución, etc. USA
Nombre del editor, distribuidor, etc. Pearson IN
Fecha de publicación, distribución, etc. 2011
300 ## - DESCRIPCIÓN FÍSICA
Extensión 705 p.
Otras características físicas pasta de carton
Dimensiones 23x17 cm
650 ## - PUNTO DE ACCESO ADICIONAL DE MATERIA--TÉRMINO DE MATERIA
Término de materia o nombre geográfico como elemento de entrada Procesos químicos
650 ## - PUNTO DE ACCESO ADICIONAL DE MATERIA--TÉRMINO DE MATERIA
Término de materia o nombre geográfico como elemento de entrada Seguridad
700 ## - ENTRADA AGREGADA--NOMBRE PERSONAL
Nombre de persona Crowl, Daniel A.
700 ## - ENTRADA AGREGADA--NOMBRE PERSONAL
Nombre de persona Louvar, Joseph F.
942 ## - ELEMENTOS DE ENTRADA SECUNDARIOS (KOHA)
Tipo de ítem Koha Libros
Existencias
Estatus retirado Estado de pérdida Fuente de la clasificación o esquema de estantería Estado de daño No para préstamo Biblioteca de origen Biblioteca actual Fecha de adquisición Coste, precio normal de compra Etiqueta RFID Total de préstamos Signatura topográfica completa Código de barras Visto por última vez Fecha del último préstamo Copia número Tipo de ítem Koha
    Clasificación Decimal Dewey     CENTRO DE INFORMACIÓN BIBLIOTECARIA CENTRO DE INFORMACIÓN BIBLIOTECARIA 09/04/2025 5.00 0000000000000000037792 1 CRO D-202361 05/12/2025 24/09/2025 1 Libros

Copyright 2025 ESPOL. Todos los derechos reservados.